00658nam a22001457a 450000500170000010000800001724500990009726000280019630000090022470000430023394200110027699900170028795201040030495201040040820260629104636.0 aEngr. Asadullah Qazi a21-MCE-05aSupervisor - Dr. Muneeb Ayoub Memon91008 aRecycled Crumb Rubber as Coarse Aggregate Replacement in Self Compacting Concrete ( Thesis ME) aNawabshah bQUESTc2025 a78p. aDepartment of Civil Engineering 91009 cTHESIS c69068d69065 00104070aRESEARCHbRESEARCHd2026-06-29l0pMP/102-1528r2026-06-29 10:47:05w2026-06-29yTHESIS 00104070aRESEARCHbRESEARCHd2026-06-29l0pMP/102-1529r2026-06-29 10:47:05w2026-06-29yTHESIS